Sports Quiz

Random Sports or Baseball Quiz

2010 Home Runs by Team Quiz Stats

 Plays Quiz not verified by Sporcle

Score 0/30 Timer 05:00
0 Plays Today
Total Home Runs Team % Correct
257Toronto Blue Jays
92.2%
201New York Yankees
87%
211Boston Red Sox
79.2%
188Cincinnati Reds
68.8%
101Seattle Mariners
51.3%
182Milwaukee Brewers
42.9%
162Texas Rangers
41.6%
177Chicago White Sox
39.6%
166Philadelphia Phillies
39.6%
160Tampa Bay Rays
36.4%
142Minnesota Twins
32.5%
109Oakland Athletics
30.5%
121Kansas City Royals
29.9%
126Pittsburgh Pirates
29.2%
128New York Mets
27.3%
Total Home Runs Team % Correct
152Detroit Tigers
26%
108Houston Astros
26%
180Arizona Diamondbacks
25.3%
162San Francisco Giants
25.3%
128Cleveland Indians
25.3%
173Colorado Rockies
24.7%
155Los Angeles Angels of Anaheim
24.7%
150St. Louis Cardinals
24.7%
149Chicago Cubs
24%
133Baltimore Orioles
22.7%
132San Diego Padres
22.7%
139Atlanta Braves
22.1%
152Florida Marlins
21.4%
149Washington Nationals
21.4%
120Los Angeles Dodgers
17.5%

You're not logged in!

Compare scores with friends on all Sporcle quizzes.
OR
Log In

Show Comments

Extras

Top Quizzes Today


Score Distribution

Your Account Isn't Verified!

In order to create a playlist on Sporcle, you need to verify the email address you used during registration. Go to your Sporcle Settings to finish the process.

Report this User

Report this user for behavior that violates our Community Guidelines.

Details: